000 00310nam a22001337a 4500
008 180914b xxu||||| |||| 00| 0 eng d
020 _a2900205743376
041 _aeng
080 _a821
100 _a21
101 _aGJL
245 _aGood Reasons with Contemporary Arguments
_cFaigley, L
942 _2udc
_cBK
999 _c47790
_d47790